000 00855nam a2200241Ia 4500
003 GCL
008 140319s9999 xx 000 0 ara d
040 _aGCL /
_cGCL
082 0 4 _a819
_bز ن
100 1 _aزكى مبارك
245 1 0 _aالنثر الفنى فى القرن الرابع /
_cزكى مبارك
300 _a458 ص
490 _a
650 0 4 _aالادب العربى
650 0 4 _aالنثر العربى - تاريخ
650 0 4 _aالنثر العربى - العصر العباسى
650 0 4 _aالنثر العربى - تاريخ ونقد
650 0 4 _aالنثر العربى - العصر الجاهلى
650 0 4 _aالنثر العربى - المخضرمون
650 0 4 _aالنثر العربى - عصر صدر الاسلام
650 0 4 _aالنثر العربى - العصر الاموى
942 _2ddc
_cBK
999 _c39052
_d39052